Caligrafías negras en el verde: concurso de poesía 1996 /

Guardat en:
Dades bibliogràfiques
Autor principal: Burke, Héctor seúdonimo 1955-
Format: Llibre
Idioma:Spanish
Publicat: San José, Costa Rica: Editorial de la Universidad de Costa Rica, 1997.
Edició:1. edición
Matèries:
Etiquetes: Afegir etiqueta
Sense etiquetes, Sigues el primer a etiquetar aquest registre!

MARC

LEADER 00000nam a22000007a 4500
008 150522s1997 cr | |||| 000 p spa d
020 |a 9977674590 
040 |a CRU CIICLA 
041 |a spa 
082 |a CR861.44  |b B959c 
100 1 |a Burke, Héctor  |c seúdonimo  |d 1955- 
245 1 0 |a  Caligrafías negras en el verde: concurso de poesía 1996 /  |c Héctor Burke. 
250 |a  1. edición 
260 |a San José, Costa Rica:  |b Editorial de la Universidad de Costa Rica,  |c 1997. 
300 |a 88 páginas;  |b ilustraciones 
650 7 |9 76  |a LITERATURA COSTARRICENSE  |v POESIA 
942 |2 ddc  |c BK 
999 |c 4157  |d 4157